000 00786nam a22002297a 4500
003 OSt
005 20260224030112.0
008 260224b |||||||| |||| 00| 0 eng d
020 _a978-621-04-2167-5
040 _aDWC-Main lib
_cOC
082 _aFil. 371.9 C861 2021
100 _aManuel, Sheena Jade G.
245 _aA course module for teaching learners with developmental disabilities/
_cSheena Jade G. Manuel
260 _aManila, Philippines:
_b Rex Book Store,
_c c2021.
300 _avi,
_b228 pages;
_c25 cm.
504 _aIncludes bibliographical references and index.
650 _a1. Special needs education.
700 _aTina Amor Villapando-Buhat
700 _aArmida Roncales Tecson
700 _aIsabelle S. Sibayan
942 _2ddc
_cBK - FIL
_kFil.
_n0
999 _c8511
_d8511